Statistics for Top 20 Countries by Number of Languages

Click here to take the quiz!

General Stats

  • This quiz has been taken 899 times
  • The average score is 11 of 20

Answer Stats

Hint Answer % Correct
241China
94%
427India
92%
129Russia
86%
200Brazil
84%
742Indonesia
82%
297Mexico
73%
275Australia
70%
145Canada
67%
516Nigeria
66%
820Papua New Guinea
62%
147Malaysia
60%
180Philippines
52%
134Sudan
42%
128Tanzania
40%
132Chad
39%
311United States
33%
280Cameroon
31%
125Nepal
26%
216Democratic Republic of the Congo
15%
115Vanuatu
10%

Score Distribution

Percentile by Number Answered

Percent of People with Each Score

Your Score History

You have not taken this quiz